01001nam a22002177a 4500003000200000005001700002008004100019050002500060100003100085245014100116260007100257300002500328500003900353504005600392650006300448650005600511650005400567942001200621999001900633952013100652020250214112420.0250214b xxu||||| |||| 00| 0 eng d aBF 723.B5b.J38 2024 aJavier, Darlene Keight S.  aSupport system and self-entitlement of last-born college students coming from high-earning income families. cDarlene Keight S. Javier aLas Pinas CitybSouthville International School and Collegesc2024 ax, 326 pages;c28cm. aBachelor of Science in Psychology. aIncludes bibliographical references and appendices. aBirth order—Psychological effects -- Last-born children. aSelf-entitlement—Socioeconomic status, Influence. aParental support—College students' development. 2lcccTH c367221d367221 00102lcc40aCLbCLcTHESESd2025-02-14eDONATIONkTHESESl0oBF 723.B5 .J38 2024pT1422r2025-02-14 00:00:00w2025-02-14yTH